000 00544nam a2200157 i 4500
001 46775
003 ES-MaACL
005 20230906161439.0
007 t|
008 030401s1973 sp ||||1| spa d
111 2 _aCongreso Hispano-Portugués de Dermatologia Médico-Quirúrgica (
_n7º.
_d1969.
_cGranada)
_9384
245 1 0 _aActas del VII Congreso Hispano-Portugués de Dermatologia Médico-Quirúrgica.
260 _a[Granada :
_bs.n.,
_c1973]
300 _aXXXIX, 1155 p., 12 lám. :
_bil. ;
_c25 cm.
852 _aES-MaACL
_jC-52785
_bR.86052
999 _c46775
_d46775